[Event "CZE-ch U16"]
[Site "Kouty nad Desnou"]
[Date "2017.03.17"]
[Round "8"]
[White "Kolar, Radomir"]
[Black "Zitny, Michal"]
[Result "1/2-1/2"]
[WhiteElo "1564"]
[BlackElo "1761"]
[PlyCount "64"]
[EventDate "2017.03.11"]
[EventType "swiss"]
[EventRounds "9"]
[EventCountry "CZE"]
[SourceTitle "CBM 177 Extra"]
[Source "ChessBase"]
[SourceDate "2017.04.27"]
[SourceVersion "1"]
[SourceVersionDate "2017.04.27"]
[SourceQuality "1"]

1. e4 c6 2. d4 d5 3. exd5 cxd5 4. c4 Nf6 5. Nf3 e6 6. Bg5 Qa5+ 7. Bd2 Qc7 8. Nc3 Bd7 9. Qb3 dxc4 10. Bxc4 Nc6 11. 0-0 a6 12. Bd3 Bd6 13. Bg5 0-0 14. Qd1 Ne7 15. Bxf6 gxf6 16. Ne4 Kg7 17. Nfg5 fxg5 18. Qh5 Ng6 19. Nxg5 Rh8 20. f4 f5 21. Rf3 Bxf4 22. Raf1 Bxg5 23. Qxg5 Raf8 24. Rg3 Rf6 25. h4 h6 26. Qe3 f4 27. Qe4 Be8 28. Rg4 h5 29. Rg5 Qf7 30. Qe5 Rh6 31. Rxf4 Qe7 32. g4 Kf7 1/2-1/2

[Event "Kouty nad Desnou op-B"]
[Site "Kouty nad Desnou"]
[Date "2015.03.10"]
[Round "4"]
[White "Kolar, Radomir"]
[Black "Otruba, Marek"]
[Result "0-1"]
[WhiteElo "1425"]
[BlackElo "1636"]
[PlyCount "102"]
[EventDate "2015.03.07"]
[EventType "swiss"]
[EventRounds "9"]
[EventCountry "CZE"]
[SourceTitle "EXT 2017"]
[Source "ChessBase"]
[SourceDate "2016.10.25"]
[SourceVersion "1"]
[SourceVersionDate "2016.10.25"]
[SourceQuality "1"]

1. e4 c5 2. f4 d6 3. Nf3 Nc6 4. d4 cxd4 5. Nxd4 Nf6 6. Nc3 Qb6 7. Nxc6 bxc6 8. b3 Qb4 9. Qd3 Nxe4 10. Bd2 Nxd2 11. Qxd2 g6 12. Rd1 Bg7 13. Nb1 Qxd2+ 14. Kxd2 Bf5 15. Bd3 Bxd3 16. Kxd3 Kd7 17. Rhe1 Rab8 18. c4 d5 19. Nc3 e6 20. g4 h5 21. g5 Rhd8 22. Na4 Rb4 23. cxd5 cxd5 24. Ke3 Rc8 25. Rc1 Re4+ 26. Kf3 Rxe1 27. Rxe1 Rc2 28. Re2 Rxe2 29. Kxe2 Kc6 30. Kd3 Kb5 31. Nc3+ Kb4 32. a3+ Kxb3 33. Nb5 e5 34. Ke3 f6 35. Nc7 exf4+ 36. Kxf4 fxg5+ 37. Kxg5 d4 38. Kxg6 Be5 39. Ne6 d3 40. Nc5+ Kc2 41. Ne4 d2 42. Nxd2 Kxd2 43. Kxh5 Bxh2 44. a4 Kc3 45. a5 Kb4 46. a6 Kb5 47. Kg4 Kxa6 48. Kf3 Kb5 49. Ke2 Kb4 50. Kd1 Kb3 51. Kc1 a5 0-1